000 00759nam a2200229 i 4500
001 bg
946 _c19,90
245 1 0 _aNajlepsze projekty domów.
_n[T.3],
_pJesień 2007 (2/07) /
_cPolska Grupa Projektowa.
260 _aKraków :
_bPolska Grupa Projektowa,
_c2007.
300 _a591 s. :
_brys. kolor. ;
_c31 cm +
_e1 dysk optyczny (CD ROM)
650 9 _aBudownictwo jednorodzinne
_xprojekty
655 _aKatalogi
710 2 _aPolska Grupa Projektowa.
020 _a9788360113097 (t.3)
020 _a9788360113066 (całość)
040 _cBPK
041 0 _apol
044 _aPOL
080 _a69::728.3(085.2)
942 _cKA
008 s pl f |000 0 pol
999 _c49151
_d49151
856 _uhttp://koha.tu.koszalin.pl/cgi-bin/koha/opac-detail.pl?biblionumber=49151
_yKatalog online BPK